[Event "Red Bull Chess Masters 2018"]
[Site "Istanbul"]
[Date "2018.10.20"]
[Round "2.1"]
[White "Gokerkan, Cem Kaan"]
[Black "Tofan, Ibrahim"]
[Result "0-1"]
[WhiteElo "2420"]
[BlackElo "2070"]
[Annotator "TA"]
[PlyCount "112"]
[EventDate "2018.10.19"]
[EventType "team-tourn"]
[EventCountry "TUR"]
[SourceTitle "playchess.com"]
[Source "ChessBase"]
[SourceQuality "1"]

{[%evp 9,112,43,39,32,39,39,36,37,46,29,11,16,26,16,32,14,37,41,40,39,43,45,50,54,63,63,68,68,60,71,64,66,55,40,43,10,19,20,21,15,10,13,21,27,33,10,43,40,33,22,38,22,28,-20,-20,-18,-16,-18,0,0,30,-43,-39,-43,-35,-193,-192,-191,-187,-218,-249,-277,-274,-264,-259,-212,-186,-174,-83,-85,-66,-469,-8,-72,-8,-568,-541,-466,-432,-6191,-5077,-29976,-29977,-29975,-29973,-29979,-29980,-29993,-29977,-29975,-29978,-29978,-29979,-29979,-29979]} 1. e4 e5 2. Nc3 Nf6 3. g3 b6 4. Bg2 Bb7 5. Nf3 d6 (5... Bb4 6. d3 Bxc3+ 7. bxc3 d6 8. Nh4 Nbd7 9. O-O h6 10. Nf5 g6 11. Nxh6 Qe7 12. Bg5 {0-1 (30) De Vreugt,D (2446)-Roiz,M (2507) Saint Vincent 2002}) 6. O-O {C26: Vienna Game: 2...Nf6, sidelines} Be7 $146 ({Predecessor:} 6... c5 7. d3 Be7 8. Nh4 Nc6 9. Nf5 g6 10. Nxe7 Nxe7 11. Bh6 Rg8 {1-0 (52) Dowden,R (2088)-Goodhue,N (1990) Auckland 2016}) 7. d4 Nbd7 8. Re1 {White is slightly better.} O-O 9. d5 c6 10. dxc6 Bxc6 11. Bg5 Rc8 12. Qe2 Re8 13. Rad1 Qc7 14. Bh3 Rcd8 15. Bxd7 Rxd7 16. Bxf6 Bxf6 17. Nd5 Bxd5 18. Rxd5 Rc8 19. c3 Qc4 20. Qxc4 Rxc4 21. Re3 Kf8 22. Nd2 Ra4 23. a3 Bg5 24. f4 exf4 25. Rf3 Bh6 {With the idea ...fxg3.} 26. gxf4 Ke7 27. Kf2 g6 28. Ke3 Bg7 29. Kd3 Rc7 30. Rb5 Rc5 31. Rb4 (31. Rxc5 {keeps more tension.} dxc5 32. Nc4 b5 33. Ne3 Ra6 34. Nd5+) 31... Rxb4 32. axb4 $11 {[%mdl 4096] Endgame KRB-KRN} Rh5 33. Nf1 Rh4 34. h3 Bh6 35. Ke3 (35. Ne3 $11) 35... Ke6 $15 {...Rxf4! is the strong threat.} 36. Nd2 f5 37. Nb3 $2 (37. b3 $15) 37... fxe4 $19 38. Kxe4 d5+ 39. Ke3 {[#]} Rxf4 $1 {[%mdl 512]} 40. Nd4+ (40. Rxf4 Ke5) 40... Ke5 {Strongly threatening ...Rxd4+.} 41. Rxf4 Bxf4+ {KB-KN} 42. Kf3 {intending Nc6+.} Bc1 43. Nc6+ Kd6 (43... Ke6 $19 44. Nd4+ Kf6) 44. Nxa7 $17 Bxb2 45. Ke3 $2 {[%mdl 8192]} (45. Ke2 $1 $15) 45... g5 $2 (45... Bxc3 $19 46. Nc8+ Ke5) 46. Kd3 {[#]} (46. Kd4 $11 {keeps the balance.}) 46... h5 ({Black should play} 46... Kd7 $1 $17 {And now ...h5 would win.} 47. Nb5 h5) 47. Nb5+ $2 {[%mdl 8192]} (47. Nc8+ $11 {and White stays safe.} Ke5 48. Nxb6) 47... Ke5 $19 48. Kc2 Ba1 49. Kb1 (49. Kd3 $142 h4 50. Ke2) 49... g4 50. hxg4 {[#]} h4 $1 {[%cal Bh5h4,Bh4h3][%mdl 32] Black mates.} 51. Nd4 h3 52. g5 Bxc3 53. g6 Kf6 54. g7 Kxg7 55. Nf3 Bxb4 56. Kc2 Bd6 {Precision: White = 36%, Black = 63%.} 0-1

[Event "Red Bull Chess Masters 2018"]
[Site "Istanbul"]
[Date "2018.10.20"]
[Round "2.1"]
[White "Ozen, Bahadir"]
[Black "Tarlabasi, Emirhan"]
[Result "1-0"]
[WhiteElo "2349"]
[BlackElo "2264"]
[Annotator "TA"]
[PlyCount "75"]
[EventDate "2018.10.19"]
[EventType "team-tourn"]
[EventCountry "TUR"]
[SourceTitle "playchess.com"]
[Source "ChessBase"]
[SourceQuality "1"]

{[%evp 19,75,23,33,-4,10,4,16,18,42,16,30,27,26,20,18,12,24,18,25,15,22,11,45,17,22,0,2,0,0,0,0,0,58,58,71,82,61,36,52,49,96,85,87,64,89,59,97,52,98,20,87,29,125,118,127,58,6255,6317]} 1. e4 e6 2. d4 d5 3. exd5 exd5 4. Nf3 Nf6 5. Bd3 c5 {[%cal Bc7c5,Bc5c4][%mdl 32]} 6. O-O c4 7. Re1+ Be7 8. Bf1 O-O {C01: French: Exchange Variation} 9. b3 (9. Bg5) 9... cxb3 10. axb3 Nc6 {LiveBook: 21 Games. White has an edge.} 11. Bg5 Bg4 12. c3 Re8 13. Nbd2 {[#]} Ne4 $146 14. Bxe7 Rxe7 15. Qc2 {[%cal Rd2e4]} Nxd2 16. Nxd2 Rc8 17. Qd3 Qe8 18. Rxe7 Qxe7 19. h3 Bd7 20. Qg3 Qf6 21. Bd3 g6 22. b4 Ne7 23. Bf1 a6 24. Nb3 Nf5 25. Qf3 Qc6 ({Black should try} 25... Kg7 $11) 26. Nc5 $14 Be6 27. Re1 Ng7 28. Qf6 Qc7 29. Re3 Nh5 30. Qf3 ({But not} 30. Nxe6 $6 Nxf6 31. Nxc7 Rxc7 $11) 30... Ng7 31. Qe2 Qc6 32. Re5 h5 33. Qe1 Rc7 34. Bd3 (34. g3 $16) 34... Re7 (34... Bc8 $11 {remains equal.}) 35. Qe2 (35. Qd2 $16) 35... Qe8 (35... b6 $11) 36. Qf3 Qc8 37. Qf6 ({White should play} 37. g3 $16) 37... Ne8 $2 {[%mdl 8192] [#]} (37... Re8 $14) 38. Qxe7 {Precision: White = 32%, Black = 29%.} 1-0

[Event "Red Bull Chess Masters 2018"]
[Site "Istanbul"]
[Date "2018.10.20"]
[Round "2.1"]
[White "Tasdogen, Dincer"]
[Black "Yucesoy, Atil"]
[Result "1-0"]
[WhiteElo "2310"]
[BlackElo "1685"]
[Annotator "TA"]
[PlyCount "61"]
[EventDate "2018.10.19"]
[EventType "team-tourn"]
[EventCountry "TUR"]
[SourceTitle "playchess.com"]
[Source "ChessBase"]
[SourceQuality "1"]

{[%evp 15,60,36,36,22,29,16,35,21,29,8,8,12,22,26,38,4,39,22,24,12,79,67,166,160,510,500,560,559,1016,277,262,250,391,394,502,500,29994,687,814,754,29995,29996,29996,29997,29998,29999,29999]} 1. e4 d5 2. exd5 Qxd5 3. Nc3 Qd6 4. Nf3 Nf6 5. d4 Bg4 6. Be3 {B01: Scandinavian Defence} (6. h3 Bh5 7. g4 Bg6 8. Ne5 Nbd7 9. Nxg6 hxg6 10. Bg2 c6 11. Qd3 e6 12. Bd2 Nb6 13. O-O-O Nbd5 14. Ne2 {1-0 (39) Bologan,V (2640)-Kovalenko,I (2684) Tallinn 2016}) 6... e6 7. h3 Bh5 8. g4 Bg6 {LiveBook: 3 Games} 9. Bg2 c6 10. Ne5 {Threatening h4.} Nbd7 11. Nxg6 hxg6 12. Qd2 $146 ({Predecessor:} 12. g5 Nd5 13. Nxd5 cxd5 14. O-O {1-0 (31) Sveshnikov,V (2434)-Tokranovs,D (2110) Riga 2013}) 12... Qc7 13. O-O-O Bd6 14. Kb1 O-O-O 15. g5 Nh5 16. Ne4 Bf4 17. c4 c5 (17... Bxe3 $11 {remains equal.} 18. fxe3 Ng3) 18. d5 ({Don't play} 18. dxc5 $6 Nxc5 19. Qc3 Bxe3 $15) 18... Bxe3 (18... exd5 $1 $14 19. Qxd5 Ndf6 20. Qxc5 Nxe4 21. Bxe4 Qxc5 22. Bxc5 b6) 19. Qxe3 $18 ({But not} 19. fxe3 $6 Ng3 $16) 19... Qf4 $2 {[#]} (19... e5 $16 {is a better chance.} 20. Bf3 Kb8) 20. dxe6 fxe6 21. Nd6+ Kc7 {and the idea ...Qxe3 leaves Black hopeful.} 22. Nxb7 $2 (22. Qxe6 {Threatens to win with Qd5.} Nb6 23. Qe7+ Rd7 24. Nb5+ Kb8 25. Rxd7 Qf5+ 26. Be4 Qxd7 27. Qe5+ Ka8 28. Nc7+ Kb8 29. Ne6+ Ka8 30. Nxc5 Nxc4 31. Nxd7 Nxe5 32. Nxe5) 22... Qxe3 23. fxe3 $40 {[%mdl 128] White wants a kill.} Rdf8 (23... Rb8 $142 24. Rd2 Rxb7) 24. Rd2 Ne5 25. Nxc5 Nxc4 (25... Kc8 $18 26. Rhd1 Re8) 26. Nxe6+ (26. Rd7+ $142 Kb6 27. Rb7+ Kxc5 28. b4+ Kd6 29. Rd1+ Nd2+ 30. Rxd2+ Ke5 31. Rb5#) 26... Kb6 27. Rd7 {[#] Rb7+ would kill now.} Nxe3 28. Rb7+ {White mates.} Ka5 29. Bc6 Rf5 30. b4+ Ka6 31. Nc7# {Precision: White = 56%, Black = 17%.} 1-0

[Event "Red Bull Chess Masters 2018"]
[Site "Istanbul"]
[Date "2018.10.20"]
[Round "2.1"]
[White "Isik, Alparslan"]
[Black "Karaokcu, Erkin"]
[Result "1-0"]
[WhiteElo "2220"]
[BlackElo "2256"]
[Annotator "TA"]
[PlyCount "51"]
[EventDate "2018.10.19"]
[EventType "team-tourn"]
[EventCountry "TUR"]
[SourceTitle "playchess.com"]
[Source "ChessBase"]
[SourceQuality "1"]

{[%evp 21,51,16,19,20,16,-30,-30,-30,-3,-35,-38,-58,341,333,332,345,494,510,791,787,1278,1247,1322,691,1080,1056,29985,29986,29993,29982,29992,29993]} 1. d4 Nf6 2. c4 g6 3. Nc3 d5 4. cxd5 Nxd5 5. e4 Nxc3 6. bxc3 Bg7 7. Qa4+ Qd7 {D85: Exchange Grünfeld: Unusual White 7th moves and lines with 7 Nf3} 8. Bb5 c6 9. Be2 O-O 10. Qa3 e5 11. Nf3 exd4 {LiveBook: 3 Games} 12. cxd4 Qg4 $146 ({Predecessor:} 12... b6 13. Be3 Re8 14. e5 Bf8 15. Qa4 {0-1 (38) Esipenko,A (2564)-Svidler,P (2765) Riadh 2017}) 13. O-O (13. Ng5 $5 {[%cal Re2g4]} Qd7 14. Be3 $14) 13... Qxe4 14. Re1 Qd5 15. Rb1 Nd7 16. Be3 Nb6 $2 {[%mdl 8192] [#]} (16... Re8 $15 {stays ahead.}) 17. Rxb6 $1 $18 {[%mdl 512]} axb6 18. Qxa8 f5 (18... Rd8 $142 19. h3 Bf6) 19. Bf4 Bxd4 (19... c5 $142 20. Qa7 Re8) 20. Qa4 Bxf2+ 21. Kxf2 {[#] aiming for Bc4.} b5 22. Qb3 Be6 23. Qc3 Qxa2 24. Bh6 {[%csl Gh6][%cal Rc3g7] White mates.} Rf7 25. Ng5 Qa7+ 26. Kf1 {Precision: White = 50%, Black = 19%.} 1-0

[Event "Red Bull Chess Masters 2018"]
[Site "Istanbul"]
[Date "2018.10.20"]
[Round "2.1"]
[White "Gunduz, Umut Erdem"]
[Black "Eren, Ataberk"]
[Result "0-1"]
[WhiteElo "2205"]
[BlackElo "2188"]
[Annotator "TA"]
[PlyCount "44"]
[EventDate "2018.10.19"]
[EventType "team-tourn"]
[EventCountry "TUR"]
[SourceTitle "playchess.com"]
[Source "ChessBase"]
[SourceQuality "1"]

{[%evp 17,44,-22,-35,-165,-63,-81,-64,-169,-51,-141,-89,-210,-207,-175,-179,-205,-157,-143,-143,-156,-155,-362,-356,-1802,-1645,-29979,-29980,-29989,-29973]} 1. e4 {[%cal Be2e4,Be4e5][%mdl 32]} e6 2. d4 d5 3. Nd2 Nf6 4. e5 Nfd7 5. Bd3 c5 6. c3 Nc6 7. Ngf3 Be7 8. O-O g5 {[%cal Bg7g5,Bg5g4][%mdl 32]} 9. h3 {C06: Französische Verteidigung (Tarrasch-Variante)} (9. dxc5 Ndxe5 10. Bc2 Ng6 11. b4 O-O 12. Re1 f5 13. Nb3 g4 14. b5 gxf3 15. bxc6 bxc6 16. Qxf3 e5 17. Bh6 {1-0 (51) Mista,A (2595)-Bartel,M (2604) Warsaw 2018}) 9... h5 {LiveBook: 15 Partien} 10. c4 ({Lieber} 10. g3 $15) 10... dxc4 $146 (10... g4 $1 $19 11. cxd5 exd5) ({Vorgänger:} 10... cxd4 11. cxd5 Ndxe5 12. Nxe5 Nxe5 13. Bb5+ Bd7 14. Bxd7+ Qxd7 15. dxe6 fxe6 16. Ne4 Nf7 {0-1 (31) Stoppa,O (2226)-Di Paolo,R (2357) Imperia 2007}) 11. Nxc4 $15 {Schwarz steht etwas besser.} g4 $1 {[%cal Rg4f3]} 12. Nfd2 (12. hxg4 $15 hxg4 13. Nh2) 12... cxd4 (12... Ndxe5 $1 $19 13. dxe5 Qxd3) 13. Re1 (13. f4 $15) 13... gxh3 $17 14. gxh3 {[#]} (14. g3 $17 {kämpft weiter.}) 14... b5 $1 $19 {[%cal Rb5c4]} 15. Nd6+ Bxd6 $1 16. exd6 Bb7 {zielt auf ...Dh4 ab.} 17. Nf3 Rg8+ 18. Kf1 {[#]} Qf6 $1 $36 {[%mdl 2048] Weiss steht unter starkem Druck.} 19. Bxb5 $2 (19. h4 $17 {ist der einzige Weg für Weiss..} Nce5 20. Ng5) 19... Qf5 20. Ng1 $2 (20. Bxc6 Bxc6 21. Nxd4 Qxh3+ 22. Ke2 Qg4+ 23. Kd3 Qg6+ 24. Ke2) 20... Qxb5+ 21. Ne2 Qd5 {[%csl Gg8][%cal Rd5g2]} 22. Nf4 Ba6+ {Precision: Weiß =  6%, Schwarz = 63%.} 0-1

[Event "Red Bull Chess Masters 2018"]
[Site "Istanbul"]
[Date "2018.10.20"]
[Round "2.1"]
[White "Aydincelebi, Kagan"]
[Black "Yarar, Muammer Atakan"]
[Result "1-0"]
[WhiteElo "2193"]
[BlackElo "1784"]
[Annotator "TA"]
[PlyCount "91"]
[EventDate "2018.10.19"]
[EventType "team-tourn"]
[EventCountry "TUR"]
[SourceTitle "playchess.com"]
[Source "ChessBase"]
[SourceQuality "1"]

{[%evp 20,91,44,10,57,34,59,55,57,55,49,56,63,66,72,24,28,26,42,34,35,35,35,34,36,36,31,22,22,24,31,0,0,0,0,0,0,0,0,0,0,0,28,26,29,33,354,345,748,724,1100,18,10,13,551,474,713,707,696,701,696,677,4132,614,597,557,29969,29970,29968,29967,29965,29968,12754,12335]} 1. e4 c6 2. d4 d5 3. exd5 cxd5 4. c4 Nf6 5. Nc3 Nc6 6. Bg5 e6 7. c5 Be7 8. Bb5 O-O 9. Nf3 Bd7 10. O-O {B14: Caro-Kann: Panov-Botvinnik Attack with 5...e6 and 5...g6} h6 11. Bf4 {LiveBook: 4 Games} Re8 $146 ({Predecessor:} 11... Ne4 12. Rc1 Bf6 13. Re1 a6 14. Ba4 Ng5 15. Nxg5 hxg5 16. Bxc6 gxf4 17. Bxb7 {1-0 (30) Amin,B (2596)-Lalith,B (2491) Dubai 2011}) 12. Qd3 {White is slightly better.} Nb8 13. Rfe1 a6 14. Bxd7 Nfxd7 15. b4 Nc6 16. Rab1 Na7 17. Ne5 Nxe5 18. Bxe5 Bf6 19. a4 (19. f4 {feels hotter.} Nc6 20. Rf1 Rf8 21. Rf3 h5 22. a3) 19... Bxe5 20. Rxe5 Nc6 21. Ree1 Qf6 22. Red1 Ne7 23. b5 axb5 24. Rxb5 Reb8 25. Rdb1 Nc6 26. Rd1 Ra6 27. h3 g6 28. Rd2 h5 29. Rxb7 Rxb7 30. Qxa6 Rb3 31. Qxc6 Rxc3 $11 {[%mdl 4096] Endgame KQR-KQR} 32. Qd6 Qg5 $2 {[%mdl 8192]} (32... Rc1+ $14 33. Kh2 Kg7) 33. Rd1 $18 Rxh3 $2 (33... Kg7 34. a5 Rc2) 34. c6 {[#] aiming for c7.} Qg4 35. Re1 $2 (35. Rc1 $18 {Threatens to win with c7.} Qh4 36. gxh3 (36. Qb8+ Kg7 $16) 36... Qg5+ 37. Kh2 Qxc1 38. Qc5 Qf4+ 39. Kg1) 35... Rc3 $11 36. c7 Qxd4 $2 {[%mdl 8192]} (36... h4 $11) 37. Qd8+ $18 Kg7 (37... Kh7 $142 38. c8=Q Rxc8 39. Qxc8 Qxa4) 38. c8=Q Rxc8 39. Qxc8 Qxa4 40. Qc7 Qb4 41. Qe5+ (41. Rxe6 $142 Qb2 42. Qe5+ Qxe5 43. Rxe5) 41... Kh7 42. Rc1 {[#] Threatening mate with Rc8.} Qe7 43. Rc8 {[%csl Gc8][%cal Re5h8]} f6 44. Rc7 fxe5 45. Rxe7+ Kh6 46. Rxe6 {Precision: White = 56%, Black = 38%.} 1-0

[Event "Red Bull Chess Masters 2018"]
[Site "Istanbul"]
[Date "2018.10.20"]
[Round "2.1"]
[White "Ozdover, Mustafa Berkay"]
[Black "Tasdogen, Dincer"]
[Result "0-1"]
[WhiteElo "2120"]
[BlackElo "2310"]
[Annotator "TA"]
[PlyCount "82"]
[EventDate "2018.10.19"]
[EventType "team-tourn"]
[EventCountry "TUR"]
[SourceTitle "playchess.com"]
[Source "ChessBase"]
[SourceQuality "1"]

{[%evp 20,82,83,54,60,40,68,63,95,47,139,53,139,131,166,122,132,131,137,126,125,81,87,0,0,0,57,-37,-23,-31,-27,-14,-41,-46,-35,-98,-89,-94,-84,-86,-61,-104,-97,-133,-138,-129,-76,-87,-106,-267,-217,-250,-225,-619,-391,-523,-519,-1009,-493,-429,-347,-357,-358,-2326,-423]} 1. Nf3 g6 2. d4 Bg7 3. e4 c5 4. d5 d6 5. c4 Nf6 6. Nc3 O-O 7. Be2 Bg4 8. h3 Bxf3 9. Bxf3 Na6 10. O-O Nc7 11. Re1 {LiveBook: 3 Games} Nd7 {E91: King's Indian: Classical: 6 Be2, unusual replies including 6...c5 and 6...Bg4} 12. Be2 (12. Bg5 Rb8 13. Be2 a6 14. a4 Ne5 15. Qd2 Kh8 16. Be3 e6 17. Rad1 exd5 18. Nxd5 Ne6 19. f4 {1-0 (63) Ragger,M (2677)-Mahdy,K (2385) Austria 2013}) 12... a6 $146 ({Predecessor:} 12... e6 13. Be3 exd5 14. exd5 Re8 15. Qd2 Nf6 16. Bg5 Qd7 {½-½ (54) Peralta,F (2512)-Needleman,G (2413) Buenos Aires 2006}) 13. a4 Nf6 {White is slightly better.} 14. f4 e5 {[#]} (14... e6 $14) 15. fxe5 (15. f5 $1 $16) 15... dxe5 (15... Nd7 $1 $14) 16. Be3 Qd6 17. Rf1 a5 18. Ra3 b6 19. Rb3 Rab8 20. Qd3 Nfe8 21. Nb5 ({White should try} 21. Bg5 $16) 21... Nxb5 $11 22. Rxb5 Qc7 (22... Qd8 $11) 23. g4 (23. b4 $1 $14 axb4 24. a5) 23... Nd6 $15 24. Rb3 f5 25. exf5 gxf5 {Hoping for ...f4.} 26. gxf5 e4 27. Qd2 (27. Qc2 $15) 27... Nxf5 $17 {[#] And now ...Qg3+ would win.} 28. Bf4 Be5 {White must now prevent ...e3!} 29. d6 Qxd6 30. Qxd6 Bxd6 31. Bg4 Bxf4 32. Rxf4 Nd6 $36 {[%mdl 2048] Black is in control.} ({Better is} 32... Nd4 33. Rxf8+ Rxf8) 33. Be6+ Kg7 34. Rh4 $2 (34. Rg3+ $17 {was worth a try.} Kh8 35. Rxf8+ Rxf8 36. b3) 34... Rf6 35. Rg3+ Rg6 36. Kh2 $2 (36. Rhg4) 36... Rf8 37. Rxg6+ hxg6 38. Kg1 (38. Rg4 $142 e3 39. Rg2) 38... Kf6 (38... e3 $142 {( -> ...e2)} 39. Bg4 Rf4) 39. Bg4 $19 Nxc4 40. Be2 {Strongly threatening Rf4+.} Nd6 ({Don't take} 40... Nxb2 41. Rxe4 Rd8 42. Kf1 $19) 41. Kf2 $2 (41. Rf4+ Kg7 42. Rxf8 Kxf8 43. Kf2) 41... Ke5+ {Precision: White = 30%, Black = 42%.} (41... Kg5+ $142 42. Rf4 Kxf4) 0-1

[Event "Red Bull Chess Masters 2018"]
[Site "Istanbul"]
[Date "2018.10.20"]
[Round "2.1"]
[White "Yeke, Serkan"]
[Black "Sevgi, Volkan"]
[Result "1/2-1/2"]
[WhiteElo "2117"]
[BlackElo "2296"]
[Annotator "TA"]
[PlyCount "68"]
[EventDate "2018.10.19"]
[EventType "team-tourn"]
[EventCountry "TUR"]
[SourceTitle "playchess.com"]
[Source "ChessBase"]
[SourceQuality "1"]

{[%evp 13,68,8,27,12,46,14,29,38,34,19,44,15,37,28,44,44,54,60,61,48,54,64,109,102,108,108,110,103,102,109,113,94,95,105,101,75,68,62,64,0,33,26,72,31,60,45,40,0,57,0,53,0,61,0,26,0,77]} 1. Nf3 Nf6 2. c4 e6 3. Nc3 d5 4. d4 Be7 5. Bf4 a6 6. e3 O-O 7. c5 Nc6 8. Rc1 {D37: Queen's Gambit Declined: 5 Bf4} (8. a3 Nh5 9. Bd3 Nxf4 10. exf4 Bf6 11. Ne2 g6 12. O-O Bg7 13. b4 f6 14. Qb3 e5 15. Be4 Be6 16. dxe5 {1-0 (33) David,A (2608)-Dervishi,E (2557) Fermo 2010}) 8... Bd7 9. Bd3 b6 10. cxb6 {White has an edge.} cxb6 11. O-O $146 ({Predecessor:} 11. h3 Na5 12. O-O Nc4 13. Qe2 b5 14. b3 Nd6 15. Ne5 Be8 {1-0 (26) Bogoljubow,E-Spielmann,R Triberg 1921}) 11... b5 12. h3 Rc8 13. a4 b4 14. Nb1 Qb6 15. Qe2 Ra8 16. Nbd2 Rfc8 17. Nb3 Na5 18. Nxa5 Qxa5 19. Rxc8+ Bxc8 20. b3 Qb6 21. Rc1 Bd7 22. Bc7 Qb7 23. Ne5 Be8 24. Ba5 Bd6 25. f3 Nd7 {[%cal Bf6d7,Bd7f8,Bf8g6][%mdl 32]} 26. Nc6 (26. Nxd7 $14 Bxd7 27. Qd2) 26... Nf8 (26... Nf6 $5 {[%cal Re8c6]} 27. Qc2 h6 $16) 27. Nd8 Qa7 28. Rc2 Ng6 29. Nc6 $36 {[%mdl 2048] White is more active.} Qb7 30. Nd8 (30. Bxg6 $5 {[%cal Rc6d8]} Bxc6 31. Bd3 $14) 30... Qa7 31. Nc6 (31. Bxg6 $5 hxg6 32. Nc6 Bxc6 33. Rxc6 $14) 31... Qb7 32. Nd8 (32. Bxg6 $5 {[%cal Rc6d8]} Bxc6 33. Bd3 $14) 32... Qa7 33. Nc6 (33. Bxg6 $5 hxg6 34. Nc6 Bxc6 35. Rxc6 $14) 33... Qb7 34. Nd8 (34. Bxg6 $11 Bxc6 35. Bd3) 34... Qa7 {Precision: White = 51%, Black = 54%.} 1/2-1/2

[Event "Red Bull Chess Masters 2018"]
[Site "Istanbul"]
[Date "2018.10.20"]
[Round "2.1"]
[White "Eren, Cuneyt"]
[Black "Zor, Alber Kadir"]
[Result "0-1"]
[WhiteElo "2084"]
[BlackElo "2167"]
[Annotator "TA"]
[PlyCount "68"]
[EventDate "2018.10.19"]
[EventType "team-tourn"]
[EventCountry "TUR"]
[SourceTitle "playchess.com"]
[Source "ChessBase"]
[SourceQuality "1"]

{[%evp 9,68,19,19,-17,-12,-27,-20,-28,-28,-30,-20,-33,-12,-31,-35,-43,-35,-37,-27,-62,-75,-148,-95,-154,-137,-319,-325,-354,-365,-359,-338,-310,-338,-328,-316,-333,-306,-327,-322,-417,-329,-330,-331,-406,-390,-418,-418,-480,-478,-445,-412,-414,-416,-689,-679,-640,-581,-4797,-3929,-4849,-4849]} 1. d4 d5 2. c4 e6 3. Nf3 Nf6 4. e3 Bd6 (4... c5 5. Nc3 a6 6. cxd5 exd5 7. Be2 Nc6 8. O-O cxd4 9. Nxd4 Bd6 10. b3 Be5 11. Nxc6 bxc6 12. Bb2 h5 13. f4 Bb8 14. Na4 Ba7 15. Bd4 Bg4 16. Bxg4 hxg4 17. Rc1 {1-0 (68) Mamedyarov,S (2801)-Navara,D (2741) Biel 2018}) 5. c5 Be7 6. Nc3 {D30: Queen's Gambit Declined: Systems without Nc3} b6 7. cxb6 axb6 8. Bd3 {The position is equal.} O-O 9. O-O Ba6 10. Ne5 Nfd7 $146 ({Predecessor:} 10... c5 11. b3 Qc8 12. Bb2 {½-½ (62) Cunha,A (1995)-Boabaid,J (1852) Florianopolis 2017}) 11. Nxd7 Qxd7 12. Bxa6 Rxa6 13. Qd3 c5 14. dxc5 bxc5 {[%cal Bb6c5,Bc5c4][%mdl 32]} 15. Qb5 (15. b3 $142) 15... Qa7 (15... Qxb5 $142 16. Nxb5 Bf6) 16. a4 (16. b3 $142) 16... c4 17. a5 $2 {[#]} (17. e4 $17 {only move.} d4 18. Ne2) 17... Nc6 $19 {[%cal Bb8c6,Bc6a5,Ba5b3][%mdl 32]} 18. Nxd5 exd5 19. Qxd5 Rxa5 20. Rxa5 Nxa5 21. Bd2 Nb3 22. Bc3 Qc5 23. Qf3 Rd8 24. h4 Nd2 25. Qg4 {[%csl Gc3][%cal Rg4g7] [#]} g6 26. Rd1 f5 27. Qe2 Ne4 28. Rxd8+ Bxd8 29. Bd4 Qb4 30. h5 Ba5 31. g3 (31. Qd1 $142) 31... Qe1+ {Black is clearly winning.} 32. Qxe1 Bxe1 33. Kg2 Bxf2 34. hxg6 hxg6 {Precision: White = 26%, Black = 73%.} 0-1

[Event "Red Bull Chess Masters 2018"]
[Site "Istanbul"]
[Date "2018.10.20"]
[Round "2.1"]
[White "Ozsakallioglu, Okan"]
[Black "Erdogan, Anil Berk"]
[Result "1-0"]
[WhiteElo "2050"]
[BlackElo "2116"]
[Annotator "TA"]
[PlyCount "75"]
[EventDate "2018.10.19"]
[EventType "team-tourn"]
[EventCountry "TUR"]
[SourceTitle "playchess.com"]
[Source "ChessBase"]
[SourceQuality "1"]

{[%evp 19,75,25,29,-11,0,0,32,8,36,33,35,34,60,30,54,17,28,13,27,21,20,0,0,0,24,29,69,0,0,0,11,5,11,15,31,22,31,31,25,6,7,6,8,8,8,9,12,0,6,0,46,14,201,205,314,305,29984,29985]} 1. e4 c5 2. Nc3 g6 3. g3 Bg7 4. Bg2 Nc6 5. d3 e6 6. Be3 d6 7. Qd2 Rb8 8. Nge2 b5 9. O-O Nge7 10. Bh6 O-O {LiveBook: 3 Games} 11. Nd1 {[%cal Bc3d1,Bd1e3,Be3c4][%mdl 32] B26: Closed Sicilian: 3 g3, lines with early Be3} Qa5 12. c3 b4 13. Bxg7 {White is slightly better.} Kxg7 14. Ne3 bxc3 15. bxc3 ({Much worse is} 15. Nxc3 Nd4 $15) 15... Nd4 $146 ({Predecessor:} 15... Ba6 16. f4 f5 17. exf5 exf5 18. g4 Nd4 {1-0 (49) Safarli,E (2524)-Georgescu,T (2384) Plovdiv 2008}) 16. Nf4 {[#] Strongly threatening Nc4.} Nb5 17. Rfc1 e5 18. Nc4 Qa6 19. a4 Nc7 20. Ne2 Be6 21. Ne3 $1 f5 {Hoping for ...f4.} 22. f4 Rbd8 23. d4 (23. c4 $14) 23... fxe4 $11 24. Bxe4 d5 25. Bg2 exd4 26. cxd4 c4 27. Nc3 Nf5 28. Re1 Rfe8 29. Nxf5+ Bxf5 30. Rxe8 Rxe8 31. Re1 Rxe1+ 32. Qxe1 Qe6 33. Qd2 Kf6 34. Kf2 Bh3 35. Bh1 Bf5 $2 {[#]} (35... Ke7 $1 $11 {and Black has nothing to worry.}) 36. Qb2 $1 $18 Ke7 (36... Qc8 $142 37. Bxd5 (37. Nxd5+ Nxd5 38. Bxd5 c3 $14) 37... Qd7) 37. Qb7 Qb6 $2 (37... Kd8 $18 38. Qb8+ (38. Nxd5 Nxd5 39. Bxd5 Qd6 $16) 38... Qc8 39. Qxa7 Be6) 38. Nxd5+ {Precision: White = 47%, Black = 25%.} 1-0